000 04616nab a2200289 i 4500
003 BR-BrBNA
005 20250506153012.0
008 250506b2016 bl.qr|pooa||| 00| 0 por |
040 _aBR-BrBNA
_bpor
072 _aF02
_b1190
100 _aVilla, Fabiola
100 _aPiva, André Luiz
100 _aMezzalira, Éder Junior
100 _aSantin , Anderson
245 _aEstaquia na propagação de espécies de fisális
500 _a Publicação online; 16 ref.; 8 tables; Summaries (En, Pt)
520 _a Resumo: A estaquia é um método bastante rápido de propagação assexuada e de baixo custo, o qual permite a manutenção das características das plantas de interesse agronômico, evitando assim a mistura de espécies. Diante do exposto, objetivou-se com o presente trabalho avaliar a época de coleta e tamanho de estacas na propagação assexuada de espécies de fisális, através do enraizamento e desenvolvimento inicial das mudas. Produziram-se as mudas em bandejas de poliestireno expandido, contendo substrato comercial. As bandejas com as sementes foram mantidas sob telado, com irrigações diárias, até 90 dias, quando ocorreu o transplantio para vasos, preenchidos previamente com mistura de substrato. Quando as plantas apresentaram maturidade fisiológica, realizou-se a coleta do material vegetativo para o desenvolvimento dos experimentos, sendo as estacas dispostas em tubetes cônicos, contendo mistura como substrato. O primeiro experimento constou de três espécies de fisális x três tamanhos de estacas. O segundo experimento constou das mesmas três espécies x três épocas de coleta. O delineamento experimental utilizado foi em blocos ao acaso, esquema fatorial 3 x 3, contendo quatro repetições e oito estacas por unidade experimental. Após 90 dias realizaram-se as avaliações fitotécnicas. O tamanho e o tipo de estacas afeta a propagação assexuada de fisális. Estacas de 15 cm são apropriadas para a produção de mudas de fisális. A Physalis peruviana apresenta melhores resultados no enraizamento que as demais espécies. Estacas lenhosas de P. angulata apresentam melhores resultados na propagação vegetativa Palavras-chave: Physalis spp., Estaca, Propagação assexuada.
520 _a Abstract: The cutting is a very rapid method of asexual propagation and low cost, which allows maintaining the characteristics of agronomic interest in plants, thus avoiding the mixture of plant species. In this context, the aim of the present study was to evaluate the collection time and size of cuttings in the asexual propagation of gooseberries species through rooting and early development of seedlings. The seedlings were produced in polystyrene trays containing commercial substrate. Trays with the seeds were kept in a greenhouse, with daily irrigations, within 90 days, when the seedlings were transplanted to pots, previously filled with substrate mixture. When the plants had physiological maturity, the cuttings were made and collected for the experiments, and the cuttings were arranged in a plastic tubes containing mixture as a substrate. The first experiment consisted of three gooseberry species x three cutting sizes. The second experiment consisted of the same three species of gooseberry x three cutting types. The experimental design was a randomized block, factorial 3 x 3, with four replicates each consisting of eight stakes. After 90 days there were the phytotechnical evaluation. The size and type of cuttings affects the gooseberry asexual propagation. Cuttings with 15 cm are suitable for the production of gooseberry seedlings. The Physalis peruviana performs better rooting than the other species. Hardwood cuttings of P. angulata showed best results in vegetative propagation. Keywords: Physalis spp., Cutting, Assexual Propagation.
650 _aCAMAPU
650 _aMUDA
650 _aESTACA
650 _aPROPAGAÇÃO ASSEXUADA
773 0 _03583
_9350063
_dCruz das Almas-BA Universidade Federal da Bahia - Escola de Agronômia 1983
_o2025-2672
_tMagistra (Brazil)
_x0102-5333
_gv. 28(2) p. 185-193; (2016)
_wBR2025000943
856 _uhttps://periodicos.ufrb.edu.br/index.php/magistra/article/view/3835/2067
942 _cANA
999 _c331355
_d331355